Fundamentals of ocean renewable energy : (Record no. 3266)

000 -LEADER
fixed length control field 05695cam a2200529 i 4500
006 - FIXED-LENGTH DATA ELEMENTS--ADDITIONAL MATERIAL CHARACTERISTICS--GENERAL INFORMATION
fixed length control field m o d
007 - PHYSICAL DESCRIPTION FIXED FIELD--GENERAL INFORMATION
fixed length control field cr cnu---unuuu
008 - FIXED-LENGTH DATA ELEMENTS--GENERAL INFORMATION
fixed length control field 180625s2018 enk ob 001 0 eng d
020 ## - INTERNATIONAL STANDARD BOOK NUMBER
International Standard Book Number 9780128104491
Qualifying information (electronic bk.)
020 ## - INTERNATIONAL STANDARD BOOK NUMBER
International Standard Book Number 012810449X
Qualifying information (electronic bk.)
040 ## - CATALOGING SOURCE
Original cataloging agency IMU Kochi Library
Language of cataloging eng
041 0# - LANGUAGE CODE
Language code of text/sound track or separate title eng
082 04 - DEWEY DECIMAL CLASSIFICATION NUMBER
Classification number 621.042
Edition number 23
100 1# - MAIN ENTRY--PERSONAL NAME
Personal name Neill, Simon P.
245 10 - TITLE STATEMENT
Title Fundamentals of ocean renewable energy :
Sub Title generating electricity from the sea.
250 ## - EDITION STATEMENT
Edition statement First edition.
300 ## - PHYSICAL DESCRIPTION
Extent 1 online resource
490 0# - SERIES STATEMENT
Series statement E-business solutions
505 0# - FORMATTED CONTENTS NOTE
Formatted contents note Front Cover; Fundamentals of Ocean Renewable Energy: Generating Electricity from the Sea; Copyright; Quotes; Contents; Preface; Chapter 1: Introduction; 1.1 The Global Energy Mix; 1.2 Climate Change and Sustainability; Fossil Fuel Reserves; 1.3 Electrical Grid systems; Predictable; Reliable; Dispatchable; 1.3.1 Supply vs. Demand; 1.3.2 Grid Inertia; 1.3.3 Interconnectors and Grid Storage; 1.3.4 Levelized Cost of Energy; 1.4 Ocean Renewable Energy; 1.4.1 The Nature of Ocean Energy; 1.4.2 Lessons From the Wind Energy Industry; 1.4.3 Roadmaps and Progress; 1.5 Energy and Power.
505 8# - FORMATTED CONTENTS NOTE
Formatted contents note Units of Energy and PowerCapacity Factor; References; Further Reading; Chapter 2: Review of Hydrodynamic Theory; 2.1 Vector and Index Notation; 2.1.1 Einstein Convention; 2.1.2 More Examples of Indicial Notation; 2.2 Reynolds Transport Theorem; 2.3 Navier-Stokes Equations; 2.3.1 Euler Equations; 2.3.2 Viscous and Turbulent Flows; 2.3.3 Shallow Water Equations; Leibnitz's Rule; 2.4 Hydrodynamic Equations in 1D Steady Case; References; Chapter 3: Tidal Energy; 3.1 Tide Generating Forces; 3.2 Progressive Waves; 3.3 Cotidal Charts; 3.4 Standing Waves; 3.5 Resonance; 3.6 Coriolis.
505 8# - FORMATTED CONTENTS NOTE
Formatted contents note 3.7 Kelvin Waves3.8 Tidal Analysis and Prediction; 3.9 Compound Tides; 3.10 Overtides and Tidal Asymmetry; 3.11 Characterizing Tides at a Site; 3.11.1 Velocity Profile; 3.11.2 Power Density; 3.11.3 Tidal Ellipses; 3.12 Tidal-Stream Devices; 3.12.1 Horizontal Axis Turbines; 3.12.2 Vertical Axis Turbines; 3.12.3 Oscillating Hydrofoils; 3.12.4 Venturi Effect Devices; 3.12.5 Tidal Kites; 3.12.6 Arrays; 3.13 Basic Hydrodynamics of HorizontalAxis Turbines; 3.13.1 Power Coefficient and the Betz Limit; 3.14 Tidal Range: Lagoons and Barrages; References; Further Reading.
505 8# - FORMATTED CONTENTS NOTE
Formatted contents note Chapter 4: Offshore Wind4.1 Introduction; 4.2 An Introduction to Offshore Wind Turbines; 4.2.1 Aerodynamics of Wind Turbines; Betz Limit; Power Curve; 4.3 Assessment of Wind Energy at a Site; 4.3.1 Atmospheric Boundary Layer; 4.3.2 Temporal Distribution: Probability Density Function of Wind Speed; 4.3.3 Block Island Wind Farm; Calculation of Power Output and Capacity Factor; 4.4 Marine Spatial Planning; References; Chapter 5: Wave Energy; 5.1 Wave Processes; 5.1.1 Linear Wave Theory; 5.1.2 Relationship Between Wave Celerity, Wave Number, and Water Depth: The Dispersion Equation.
505 8# - FORMATTED CONTENTS NOTE
Formatted contents note 5.1.3 Wave Energy and Wave Power5.1.4 Irregular Waves; Wave Power for Irregular Waves; 5.1.5 Nonlinear Waves; Wave Breaking; Nonlinear Dispersion Equation; 5.2 Wave Transformation Due to Shoaling Water; 5.2.1 Wave Shoaling; 5.2.2 Wave Refraction; 5.3 Diffraction; 5.4 Wave Energy Converters; 5.4.1 Technology Types; Attenuator; Surface Point Absorber; Oscillating Wave Surge Converter; Oscillating Water Column; Overtopping Devices; 5.4.2 Comparison Between WEC Technologies; 5.4.3 Basic Motions of WECs; 5.4.4 Theory of Heaving Point Absorbers; Mass-Spring-Damper.
520 ## - SUMMARY, ETC.
Summary, etc Fundamentals of Ocean Renewable Energy: Generating Electricity from the Sea presents the basic concepts of mechanics and introduces the various technical aspects of ocean renewable energy. Contents follow a logical sequence, starting with hydrodynamics and then separately examining each conversion technology, with special focus on tidal energy, offshore wind and wave energy, as well as current and ocean thermal energy conversion (OTEC). The authors explore key topics for resource characterization and optimization, such as monitoring and measurement methods and ocean modeling. They also discuss the sustainability, planning, integration and distribution challenges for the implementation of these technologies, including co-location with other systems. Finally, case studies of ocean energy sites and devices allow for a better understanding of how ocean energy conversion works in real-world settings. This book is an invaluable resource for students at graduate and senior undergraduate level engineering (ocean, mechanical, and civil) and oceanography with prior knowledge of fluid mechanics and mechanics of materials.
504 ## - BIBLIOGRAPHY, ETC. NOTE
Bibliography, etc Includes bibliographical references and index.
650 #0 - SUBJECT ADDED ENTRY--TOPICAL TERM
Topical term or geographic name as entry element Renewable energy sources
General subdivision Research.
650 #0 - SUBJECT ADDED ENTRY--TOPICAL TERM
Topical term or geographic name as entry element Electric power production.
650 #6 - SUBJECT ADDED ENTRY--TOPICAL TERM
Topical term or geographic name as entry element �Energies renouvelables
General subdivision Recherche.
650 #6 - SUBJECT ADDED ENTRY--TOPICAL TERM
Topical term or geographic name as entry element �Electricit�e
General subdivision Production.
650 #7 - SUBJECT ADDED ENTRY--TOPICAL TERM
Topical term or geographic name as entry element electric power production.
Source of heading or term aat
650 #7 - SUBJECT ADDED ENTRY--TOPICAL TERM
Topical term or geographic name as entry element TECHNOLOGY & ENGINEERING
General subdivision Mechanical.
Source of heading or term bisacsh
650 #7 - SUBJECT ADDED ENTRY--TOPICAL TERM
Topical term or geographic name as entry element Electric power production
Source of heading or term fast
650 #7 - SUBJECT ADDED ENTRY--TOPICAL TERM
Topical term or geographic name as entry element Renewable energy sources
General subdivision Research
Source of heading or term fast
700 1# - ADDED ENTRY--PERSONAL NAME
Personal name Hashemi, M. Reza.
852 ## - LOCATION/CALL NUMBER
Location IMU Kochi Library
856 40 - ELECTRONIC LOCATION AND ACCESS
Uniform Resource Identifier <a href="https://www.sciencedirect.com/science/book/9780128104484">https://www.sciencedirect.com/science/book/9780128104484</a>
904 ## - LOCAL DATA ELEMENT D, LDD (RLIN)
CATALOGER Rudra Ranjan
905 ## - LOCAL DATA ELEMENT E, LDE (RLIN)
VERIFIER Rudra Ranjan
942 ## - ADDED ENTRY ELEMENTS (KOHA)
Item type E-Book
264 #1 -
-- London :
-- Academic Press,
-- 2018.
338 ## -
-- online resource
650 #6 - SUBJECT ADDED ENTRY--TOPICAL TERM
-- (CaQQLa)201-0018247
-- (CaQQLa)201-0379425
650 #6 - SUBJECT ADDED ENTRY--TOPICAL TERM
-- (CaQQLa)201-0022221
650 #7 - SUBJECT ADDED ENTRY--TOPICAL TERM
-- (CStmoGRI)aat300055233
650 #7 - SUBJECT ADDED ENTRY--TOPICAL TERM
-- (OCoLC)fst00905475
650 #7 - SUBJECT ADDED ENTRY--TOPICAL TERM
-- (OCoLC)fst01094593

No items available.



Copyright © All Rights Reserved by Indian Maritime University, Kochi Campus.
For any Suggestions/Query Contact to library or Email: library.kochi@imu.ac.in Ph:(0484)-2989402
(Web OPAC Designed by Rudra Ranjan. Maintained by IMU Kochi Library)

Powered by Koha